Statistics for All Municipalities of Bács-Kiskun County, Hungary on a Map

Click here to take the quiz!

General Stats

  • This quiz has been taken 16 times
  • The average score is 60 of 119

Answers on the Map

Answers color-coded by a green-red scale on the quiz's map according to % correct below.
 

Answer Stats

Answer% Correct
Kecskemét
100%
Kiskunhalas
100%
Kiskunfélegyháza
89%
Baja
78%
Izsák
78%
Kiskunmajsa
78%
Bácsalmás
67%
Fülöpszállás
67%
Kiskőrös
67%
Solt
67%
Soltvadkert
67%
Ágasegyháza
56%
Akasztó
56%
Bácsbokod
56%
Bácsborsód
56%
Bócsa
56%
Borota
56%
Császártöltés
56%
Csikéria
56%
Dávod
56%
Harkakötöny
56%
Harta
56%
Hercegszántó
56%
Kalocsa
56%
Kaskantyú
56%
Katymár
56%
Kecel
56%
Kelebia
56%
Kerekegyháza
56%
Kisszállás
56%
Kunbaja
56%
Kunszentmiklós
56%
Lajosmizse
56%
Madaras
56%
Mátételke
56%
Mélykút
56%
Móricgát
56%
Orgovány
56%
Páhi
56%
Rém
56%
Szabadszállás
56%
Tass
56%
Tompa
56%
Apostag
44%
Bácsszentgyörgy
44%
Ballószög
44%
Balotaszállás
44%
Bátmonostor
44%
Bátya
44%
Bugac
44%
Bugacpusztaháza
44%
Csátalja
44%
Csávoly
44%
Csengőd
44%
Csólyospálos
44%
Drágszél
44%
Dunaegyháza
44%
Dunafalva
44%
Dunapataj
44%
Dunaszentbenedek
44%
Dunatetétlen
44%
Dunavecse
44%
Dusnok
44%
Érsekcsanád
44%
Érsekhalma
44%
Fajsz
44%
Felsőlajos
44%
Foktő
44%
Fülöpháza
44%
Fülöpjakab
44%
Gátér
44%
Géderlak
44%
Hajós
44%
Helvécia
44%
Homokmégy
44%
Imrehegy
44%
Jakabszállás
44%
Jánoshalma
44%
Jászszentlászló
44%
Kéleshalom
44%
Kömpöc
44%
Kunadacs
44%
Kunbaracs
44%
Kunfehértó
44%
Kunpeszér
44%
Kunszállás
44%
Ladánybene
44%
Lakitelek
44%
Miske
44%
Nagybaracska
44%
Nemesnádudvar
44%
Nyárlőrinc
44%
Ordas
44%
Öregcsertő
44%
Pálmonostora
44%
Petőfiszállás
44%
Pirtó
44%
Soltszentimre
44%
Sükösd
44%
Szakmár
44%
Szalkszentmárton
44%
Szank
44%
Szentkirály
44%
Szeremle
44%
Tabdi
44%
Tataháza
44%
Tázlár
44%
Tiszaalpár
44%
Tiszakécske
44%
Tiszaug
44%
Újsolt
44%
Újtelek
44%
Uszód
44%
Városföld
44%
Vaskút
44%
Zsana
44%
Bácsszőlős
33%
Felsőszentiván
33%
Gara
33%

Score Distribution

Percentile by Number Answered

Percent of People with Each Score

Your Score History

You have not taken this quiz